Cartoons Characters - Statistics

General Stats
  • This quiz has been taken 66 times
  • The average score is 11 of 95
Answer Stats
Answer % Correct
SpongeBob
73%
Patrick
55%
Squidward
43%
Fred
38%
Fred
38%
Fred Flintstone
38%
Scooby Doo
38%
Bugs Bunny
32%
Shaggy
30%
Homer
29%
Gumball Watterson
27%
Darwin Watterson
23%
Bart Simpson
21%
Daffy Duck
21%
Dexter
21%
Johnny Bravo
21%
Tom
21%
Velma
21%
Daphne
20%
Ed
20%
Edd
20%
Eddy
20%
Finn
20%
Jake
20%
Jerry
18%
Phineas
18%
Bill Cipher
14%
Ferb
14%
Garfield
13%
Morty
13%
Rick
13%
Robin
13%
Stan
13%
Stan
13%
Steven Universe
13%
Anais Watterson
11%
Cyborg
11%
Dipper
11%
Eric Cartman
11%
Kenny
11%
Nicole Watterson
11%
Raven
11%
Richard Watterson
11%
Timmy
11%
Beast Bo
9%
Chowder
9%
Mabel
9%
Starfire
9%
Cosmo
7%
Kyle
7%
Mordecai
7%
Rigby
7%
Wanda
7%
Benson
5%
Larry
5%
Uncle Grandpa
5%
Kai
4%
Pink Panther
4%
Pops
4%
Skips
4%
Wendy
4%
Alan
2%
Banana Joe
2%
Carrie
2%
Cole
2%
Ice bear
2%
Inspector Gadget
2%
Jay
2%
Lloyd
2%
Nya
2%
Penny
2%
Pizza Steve
2%
Soos
2%
Tobias
2%
Zane
2%
Beemo
0%
Belly Bag
0%
Five Ghost
0%
Ford
0%
Gazpacho
0%
Giant Realistic Flying Tiger
0%
Gideon
0%
Grizzly
0%
Gus
0%
idaho
0%
Lord Garmadon
0%
Master Wu
0%
Mitch
0%
Mung Daal
0%
Pacifica
0%
Panda
0%
PIXAL
0%
Princess Bonnibel Bubblegum
0%
Shnitzel
0%
Truffles
0%
No matching quizzes found
Score Distribution
Percent of People with Each Score
Percentile by Number Answered
Your Score History
You have not taken this quiz